Wszystkie skiny do SSG 08 w CS:GO - Statystyki

Ogólne statystyki
  • Ten quiz został rozwiązany 6 razy
  • Średni wynik to 8 z 26
Statystyki odpowiedzi
Jakość Skin % Poprawnych
Czerwony Blood in the Water
100%
Czerwony Dragonfire
100%
Fioletowy Fever Dream
100%
Niebieski Abyss
33%
Niebieski Acid Fade
33%
Różowy Big Iron
33%
Różowy Bloodshot
33%
Niebieski Blue Spruce
33%
Niebieski Detour
33%
Fioletowy Ghost Crusader
33%
Niebieski Hand Brake
33%
Niebieski Jungle Dashed
33%
Niebieski Mainframe 001
33%
Niebieski Mayan Dreams
33%
Niebieski Necropos
33%
Fioletowy Parallax
33%
Niebieski Sand Dune
33%
Niebieski Slashed
33%
Niebieski Threat Detected
33%
Niebieski Dark Water
0%
Fioletowy Death's Head
0%
Niebieski Lichen Dashed
0%
Niebieski Orange Filigree
0%
Niebieski Red Stone
0%
Fioletowy Sea Calico
0%
Niebieski Tropical Storm
0%
Nie znaleziono quizów pasujących do podanych kryteriów
Rozkład punktacji
Procent ludzi z każdym wynikiem
Percentyl według liczby udzielonych odpowiedzi
Twoja historia wyników
Nie rozwiązałeś tego quizu